00510nam a2200181Ia 4500008004100000020001800041082001600059100002200075245002300097250000600120260003300126300000900159500002400168650001600192942000700208952009600215999001700311230524s9999 xx 000 0 und d a9789383182961 a510.76bSHA aR.D Sharma943449 0aMathematics Vol-II a1 aNew DelhibDhanpat raic2017 a33.3 aQuantity Number: 1 aMathematics cBK 00104070aTATCLbTATCLcGENd2023-05-24l0o510.76 SHAp56197r2023-05-24w2023-05-24yBK c58865d58865